000 01014cam a22003131 4500
001 23203
003 BD-RjUL
005 20211209000914.0
008 140310s1950 enkac 001 0aeng d
035 _a(OCoLC)757268
035 _a(OCoLC)ocm00757268
035 _a(CStRLIN)NYCG86-B31167
035 _a(BD-RjUL) 23268
035 _a(NNC)455073
040 _cCSt
_dCtY
_dCtYBR
_dBD-RjUL
_aBD-RjUL
_beng
041 _aeng
082 _a928.2
_bMOL 1950
090 _aPR5083
_b.A4 1950
100 1 _aMorris, William,
_d1834-1896.
_956160
245 1 4 _aThe letters of William Morris to his family and friends /
_cEdited with introd. and notes by Philip Henderson.
260 _aLondon ;
_aNew York :
_bLongmans, Green,
_c1950.
300 _alxvii, 406 p. :
_billus., ports. ;
_c23 cm.
500 _aIncludes index.
650 _aMorris, William, 1834-1896. Correspondence
_971520
700 1 _aHenderson, Philip,
_d1906-1977.
_971521
942 _2ddc
_cBK
999 _c23203
_d23203